| 000 | 01191nac a22003371u 4500 | ||
|---|---|---|---|
| 003 | EG-ScBUE | ||
| 005 | 20211223125650.0 | ||
| 008 | 200219r20051987enka f 000 1 eng d | ||
| 020 | _a1851520503 (v. 2) | ||
| 020 | _a9781851520503 (v. 2) | ||
| 035 | _a(CStRLIN)NJRG89-B30173 | ||
| 040 |
_aEG-ScBUE _beng _erda _cEG-ScBUE _dEG-ScBUE |
||
| 082 | 0 | 4 |
_a823.7 _bAUS _222 |
| 100 | 1 |
_aAusten, Jane, _d1775-1817, _eauthor. |
|
| 245 | 1 | 4 |
_aThe complete illustrated novels of Jane Austen / _cillustrated by Hugh Thomson. |
| 250 | _aReprint edition. | ||
| 264 | 1 |
_aLondon : _bChancellor Press, _c2005. |
|
| 300 |
_a2 volumes : _billustrations ; _c22 cm |
||
| 336 |
_2rdacontent _atext _btxt |
||
| 337 |
_2rdamedia _aunmediated _bn |
||
| 338 |
_2rdacarrier _avolume _bnc |
||
| 500 | _adistributer: Al-Ahram | ||
| 505 | 1 | _aVolume 2. Sense and sensibility -- Emma -- Northanger Abbey | |
| 600 | 1 | 7 |
_aAusten, Jane, _d1775-1817. _2BUEsh |
| 650 | 7 |
_aLove stories, English. _2BUEsh |
|
| 650 | 7 |
_aYoung women _vFiction. _2BUEsh |
|
| 651 | 7 |
_aEngland _xSocial life and customs _2BUEsh |
|
| 653 |
_bHHUUEENN _cDecember2021 |
||
| 655 |
_vReading book _934232 |
||
| 942 |
_cNB _k823.7 AUS _2ddc |
||
| 999 |
_c9265 _d9265 |
||